Histological and cytological aspects of tapping panel dryness induced by overstimulation with ethrel in Hevea brasiliensis (Record no. 60448)

MARC details
000 -LEADER
fixed length control field 02422nam a2200169Ia 4500
100 ## - MAIN ENTRY--AUTHOR NAME
Personal name Jilin Wu
245 #0 - TITLE STATEMENT
Title Histological and cytological aspects of tapping panel dryness induced by overstimulation with ethrel in Hevea brasiliensis
260 ## - PUBLICATION, DISTRIBUTION, ETC. (IMPRINT)
Name of publisher IRRDB Conference: NR Industry: Responding to Globalization 7-8 September 2004, Kunming International Convention & Exhibition Center, China
520 ## - SUMMARY, ETC.
Summary, etc Materials and methods: The twenty-five year old PB86 and RRIM 600 rubber trees grown in the experimental farm of our Academy were tapped on s/2 d/3 and stimulated with 8;ethrel at fifteen day intervals. Histological and cytological aspects of tapping panel dryness (TPD) induced by the overstimulation were studied using light microscopy and transmission electron microscopy. Results: 1.With the course of overstimulation tapping laticifer death occurred near tapping cut first in the outer bark and gradually towards the inner bark. 2.Senescence of organelles was accelerated in the survived laticifers. Myelin-like structures appeared in the laticifers. Some lutoids became residual bodies and F-W particles became electron dense. Nuclei had broken membrane and condensed chromatin. The content of the nuclei could finally disappeared. 3.In situ latex coagulation was an essential characteristic of laticifer senescence. It was quite different from the process normally occurring at laticifer wounds after tapping. Along with the in situ latex coagulation, it was found that lutoids abnormally accumulated in the laticifer vessels at some distance from tapping cut and that empty laticifer vessels appeared in the middle and inner bark. 4.In the laticifers the quantity of rubber particles was less, most of which were smaller. 5.Senescence of bark tissue was accelerated. Discussion: 1. The onset of the TPD induced by overstimulation with ethrel is a process of accelerated senescence. 2.Disorganization of membrane structures of organelles is an essential characteristic of senescent laticifers. 3.The laticifers of TPD induced by overstimulation might loss their defecse function. The overstimulation induced TPD could develop the necrotic symptom when trees continued to be exproited with overstimulation.
650 ## - SUBJECT ADDED ENTRY--TOPICAL TERM
Topical Term Ethrel
650 ## - SUBJECT ADDED ENTRY--TOPICAL TERM
Topical Term Tapping panel dryness
700 ## - ADDED ENTRY--PERSONAL NAME
Personal name Bingzhong Hao
700 ## - ADDED ENTRY--PERSONAL NAME
Personal name Haiyan Tan
700 ## - ADDED ENTRY--PERSONAL NAME
Personal name Shoucai Chen
942 ## - ADDED ENTRY ELEMENTS (KOHA)
Koha item type Journals
Holdings
Withdrawn status Lost status Damaged status Not for loan Home library Current library Shelving location Date acquired Koha item type
      Journals RRII Library RRII Library Physiology 17/12/2021 Journals